| 000 | 00730nam a2200205 i 4500 | ||
|---|---|---|---|
| 001 | 102888 | ||
| 003 | ES-MaACL | ||
| 005 | 20250809011731.0 | ||
| 007 | t| | ||
| 008 | 931025s1880 sp ||||1| spa d | ||
| 080 | _a330.342.14 | ||
| 100 | 1 |
_aEstasén y Cortada, Pedro. _948023 |
|
| 245 | 1 | 3 |
_aLa protección y el libre cambio _b: consideraciones generales sobre la organización económica de las nacionalidades y la libertad de comercio / _cpor Pedro Estasén. |
| 260 |
_aBarcelona : _b[s.n.], _c1880 ( _fImprenta de los Sucs. de N. Ramírez y Cia.) |
||
| 300 |
_a309 p. ; _c24 cm. |
||
| 650 | 0 | 4 |
_aProteccionismo. _916513 |
| 650 | 7 |
_aLibre cambio _2embne _9136409 |
|
| 852 |
_aES-MaACL _jE-13107 |
||
| 999 |
_c102888 _d102888 |
||